Mad's Don martin comes on strong (Record no. 35741)

MARC details
000 -LEADER
fixed length control field 00266nam a2200109Ia 4500
082 ## - DEWEY DECIMAL CLASSIFICATION NUMBER
Classification number 82-3
Item number MAR
100 ## - MAIN ENTRY--AUTHOR NAME
Personal name Martin, Don
245 #0 - TITLE STATEMENT
Title Mad's Don martin comes on strong
260 ## - PUBLICATION, DISTRIBUTION, ETC. (IMPRINT)
Place of publication New York
Name of publisher Nel
Year of publication 1971
942 ## - ADDED ENTRY ELEMENTS (KOHA)
Koha item type Books
Holdings
Withdrawn status Lost status Damaged status Not for loan Home library Current library Date acquired Full call number Accession Number Koha item type
    Damaged Write off RRII Library RRII Library 16/12/2021 82-3 MAR 16163 Books